LEADER 01152nam a2200265 4500 001 000000356181 003 CaOOAMICUS 005 20231127112304.0 008 231122s2022 it 000 u ita r 020 $a978-88-10-55949-9 040 $aSeMil$bita 100 1 $aCosentino, Francesco,$d<1979- >.$0(OLS)http://semarc/name/11280 245 10$aNon è quel che credi :$bliberarsi dalle false immagini di Dio /$cFrancesco Cosentino ; prefazione di Enzo Bianchi. 264 1$aBologna :$bEDB,$c2019 (Rist. 2022) 300 $a166 p. ;$c18 cm 490 1 $aLapislazzuli 650 4$aDio.$0(OLS)http://semarc/subject/4429 700 1 $aBianchi, Enzo,$d<1943- >.$0(OLS)http://semarc/name/367 830 0$aLapislazzuli.$0(OLS)http://semarc/title/40802 850 $aSeMil 852 $aSeMil$W1$xVenegono$y1$m2B I 355$j244740$B247361$CSeMilBibl$Z2$F247361 $81 996 $6020$a978-88-10-55949-9$9(OLS)http://semarc/number/299341 996 $6245$aNon è quel che credi :$bliberarsi dalle false immagini di Dio$9(OLS)http://semarc/title/446436 996 $6264$aBologna :$bEDB$9(OLS)http://semarc/publisher/29669 LEADER 01390nam a2200289 i 4500 001 000000243595 003 CaOOAMICUS 005 20200715174948.0 008 150710s1853 xx u000 u fre u 013 $a222500 040 $aSeMil$bita 100 1 $aBarthe, Édouard.$0(OLS)http://semarc/name/82220 245 10$aLitanies de la Très-Sainte Vierge :$bmonument a la gloire de Marie : illustrées, accompagnées de méditations /$cpar M. l'abbé Édouard Barthe. 250 $aNouvelle édition. 260 $aParis :$bLibrairie catholique de P.-J. Camus,$c1853. 300 $a248 p., [58] carte di tav. :$bill. ;$c23 cm. 500 $aNota ms. di possesso autografa di A. Ratti (Pio XI) in prel. 650 4$aMadonna - Culto.$0(OLS)http://semarc/subject/1204 650 4$aMadonna - Meditazioni.$0(OLS)http://semarc/subject/920 650 4$aLitanie - Maria .$0(OLS)http://semarc/subject/9022 850 $aSeMil 852 $aSeMil$W1$xVenegono$y1$m2L V 14 FA/RATTI$j193941$B193941$CSeMilBibl$Z2$F204617 $8B 941 1 $a11 961 $aRecupero: Ratti, Achille (Pio XI) 996 $6245$aLitanies de la Très-Sainte Vierge :$bmonument a la gloire de Marie : illustrées, accompagnées de méditations$9(OLS)http://semarc/title/345459 996 $6260$aParis :$bLibrairie catholique de P.-J. Camus$9(OLS)http://semarc/publisher/54815